[Event "ODJM A 2025"]
[Site "Willingen GER"]
[Date "2025.06.11"]
[Round "5"]
[White "Walter, Richard"]
[Black "Ye, Philipp"]
[Result "1-0"]
[Termination "normal"]
[Board "26"]
[WhiteElo "2041"]
[BlackElo "1863"]
[WhiteClock "00:07:44"]
[BlackClock "00:07:40"]
[PlyCount "155"]
[WhiteFideId "34620028"]
[BlackFideId "34646787"]
[EventCountry "GER"]
[EventRounds "9"]
[EventType "swiss"]
[EventDate "2025.06.07"]

1. Nf3 {[%clk 01:30:59]} d5 {[%clk 01:30:52]} {[%emt 00:00:09]} 2. g3 {[%clk
01:31:25]} {[%emt 00:00:04]} Nd7 {[%clk 01:30:27]} {[%emt 00:00:54]} 3. d4
{[%clk 01:31:48]} {[%emt 00:00:07]} Nb6 {[%clk 01:30:52]} {[%emt 00:00:06]} 4.
Bg2 {[%clk 01:32:12]} {[%emt 00:00:05]} Bf5 {[%clk 01:31:14]} {[%emt 00:00:08]}
5. O-O {[%clk 01:32:33]} {[%emt 00:00:10]} e6 {[%clk 01:31:39]} {[%emt
00:00:04]} 6. b3 {[%clk 01:30:55]} {[%emt 00:02:08]} h6 {[%clk 01:31:42]}
{[%emt 00:00:26]} 7. Nbd2 {[%clk 01:30:48]} {[%emt 00:00:38]} Nf6 {[%clk
01:32:03]} {[%emt 00:00:09]} 8. c4 {[%clk 01:30:28]} {[%emt 00:00:50]} c6
{[%clk 01:32:25]} {[%emt 00:00:08]} 9. Bb2 {[%clk 01:29:24]} {[%emt 00:01:34]}
Be7 {[%clk 01:32:49]} {[%emt 00:00:07]} 10. Re1 {[%clk 01:28:29]} {[%emt
00:01:24]} O-O {[%clk 01:33:13]} {[%emt 00:00:06]} 11. Ne5 {[%clk 01:26:57]}
{[%emt 00:02:02]} Nbd7 {[%clk 01:28:23]} {[%emt 00:05:20]} 12. a3 {[%clk
01:09:47]} {[%emt 00:17:41]} a5 {[%clk 01:27:42]} {[%emt 00:01:10]} 13. Nxd7
{[%clk 01:07:51]} {[%emt 00:02:25]} Qxd7 {[%clk 01:27:39]} {[%emt 00:00:34]}
14. c5 {[%clk 01:08:07]} {[%emt 00:00:14]} Qc7 {[%clk 01:19:05]} {[%emt
00:09:04]} 15. f3 {[%clk 01:01:17]} {[%emt 00:07:21]} Bh7 {[%clk 01:17:25]}
{[%emt 00:02:09]} 16. e4 {[%clk 01:00:10]} {[%emt 00:01:38]} b6 {[%clk
01:16:48]} {[%emt 00:01:07]} 17. e5 {[%clk 00:50:26]} {[%emt 00:10:14]} Nd7
{[%clk 01:16:15]} {[%emt 00:01:03]} 18. b4 {[%clk 00:50:33]} {[%emt 00:00:23]}
Qb7 {[%clk 01:09:36]} {[%emt 00:07:08]} 19. Bc3 {[%clk 00:49:35]} {[%emt
00:01:29]} axb4 {[%clk 01:06:10]} {[%emt 00:03:56]} 20. axb4 {[%clk 00:49:59]}
{[%emt 00:00:06]} bxc5 {[%clk 01:03:06]} {[%emt 00:03:33]} 21. Rxa8 {[%clk
00:47:19]} {[%emt 00:03:11]} Rxa8 {[%clk 01:03:19]} {[%emt 00:00:17]} 22. dxc5
{[%clk 00:47:42]} {[%emt 00:00:07]} Ra3 {[%clk 00:58:45]} {[%emt 00:05:04]} 23.
Qc1 {[%clk 00:42:07]} {[%emt 00:06:06]} Qa7 {[%clk 00:57:05]} {[%emt 00:02:08]}
24. Qb2 {[%clk 00:41:30]} {[%emt 00:01:08]} Nxc5 {[%clk 00:51:48]} {[%emt
00:05:47]} 25. bxc5 {[%clk 00:40:12]} {[%emt 00:01:48]} Qxc5+ {[%clk 00:51:01]}
{[%emt 00:01:17]} 26. Bd4 {[%clk 00:40:29]} {[%emt 00:00:14]} Qa5 {[%clk
00:50:49]} {[%emt 00:00:42]} 27. Rc1 {[%clk 00:32:54]} {[%emt 00:08:04]} Bd3
{[%clk 00:41:40]} {[%emt 00:09:38]} 28. Nb3 {[%clk 00:25:41]} {[%emt 00:07:44]}
Qb4 {[%clk 00:39:01]} {[%emt 00:03:08]} 29. Nd2 {[%clk 00:23:04]} {[%emt
00:03:08]} Qa4 {[%clk 00:28:41]} {[%emt 00:10:50]} 30. Ra1 {[%clk 00:13:47]}
{[%emt 00:09:47]} Rxa1+ {[%clk 00:28:42]} {[%emt 00:00:29]} 31. Qxa1 {[%clk
00:13:26]} {[%emt 00:00:51]} Qc2 {[%clk 00:28:55]} {[%emt 00:00:16]} 32. Qc3
{[%clk 00:12:15]} {[%emt 00:01:42]} Qd1+ {[%clk 00:21:57]} {[%emt 00:07:28]}
33. Bf1 {[%clk 00:12:33]} {[%emt 00:00:12]} Bxf1 {[%clk 00:21:54]} {[%emt
00:00:33]} 34. Nxf1 {[%clk 00:12:57]} {[%emt 00:00:05]} c5 {[%clk 00:22:06]}
{[%emt 00:00:19]} 35. Bf2 {[%clk 00:10:32]} {[%emt 00:02:56]} d4 {[%clk
00:21:18]} {[%emt 00:01:18]} 36. Qa3 {[%clk 00:10:35]} {[%emt 00:00:27]} d3
{[%clk 00:17:57]} {[%emt 00:03:51]} 37. Qc3 {[%clk 00:08:55]} {[%emt 00:02:10]}
Qxf3 {[%clk 00:17:42]} {[%emt 00:00:44]} 38. Bxc5 {[%clk 00:08:18]} {[%emt
00:01:07]} Bxc5+ {[%clk 00:17:41]} {[%emt 00:00:31]} 39. Qxc5 {[%clk 00:08:43]}
{[%emt 00:00:05]} h5 {[%clk 00:15:24]} {[%emt 00:02:47]} 40. Qf2 {[%clk
00:07:55]} {[%emt 00:01:17]} Qd5 {[%clk 00:14:16]} {[%emt 00:01:38]} 41. Qf4
{[%clk 00:04:36]} {[%emt 00:03:50]} Qc5+ {[%clk 00:11:39]} {[%emt 00:03:07]}
42. Kg2 {[%clk 00:04:44]} {[%emt 00:00:22]} Qc2+ {[%clk 00:11:43]} {[%emt
00:00:26]} 43. Nd2 {[%clk 00:04:47]} {[%emt 00:00:27]} Qd1 {[%clk 00:10:54]}
{[%emt 00:01:18]} 44. Kh3 {[%clk 00:04:21]} {[%emt 00:00:56]} Qe2 {[%clk
00:10:05]} {[%emt 00:01:20]} 45. Nf3 {[%clk 00:01:05]} {[%emt 00:03:45]} Kf8
{[%clk 00:09:16]} {[%emt 00:01:19]} 46. g4 {[%clk 00:27:50]} {[%emt 00:03:46]}
hxg4+ {[%clk 00:38:45]} {[%emt 00:01:01]} 47. Kxg4 {[%clk 00:28:03]} {[%emt
00:00:17]} Qg2+ {[%clk 00:36:46]} {[%emt 00:02:28]} 48. Qg3 {[%clk 00:28:14]}
{[%emt 00:00:19]} Qe2 {[%clk 00:37:01]} {[%emt 00:00:16]} 49. Qh4 {[%clk
00:26:47]} {[%emt 00:01:57]} Qe4+ {[%clk 00:26:36]} {[%emt 00:10:55]} 50. Kg3
{[%clk 00:27:03]} {[%emt 00:00:13]} Qxh4+ {[%clk 00:26:41]} {[%emt 00:00:25]}
51. Kxh4 {[%clk 00:27:27]} {[%emt 00:00:07]} f6 {[%clk 00:27:03]} {[%emt
00:00:08]} 52. exf6 {[%clk 00:24:30]} {[%emt 00:03:27]} gxf6 {[%clk 00:27:19]}
{[%emt 00:00:14]} 53. Kg4 {[%clk 00:24:55]} {[%emt 00:00:05]} Kg7 {[%clk
00:26:13]} {[%emt 00:01:35]} 54. Kf4 {[%clk 00:24:51]} {[%emt 00:00:34]} Kg6
{[%clk 00:26:23]} {[%emt 00:00:20]} 55. Ke4 {[%clk 00:24:43]} {[%emt 00:00:39]}
Kh5 {[%clk 00:26:14]} {[%emt 00:00:38]} 56. Kxd3 {[%clk 00:23:58]} {[%emt
00:01:15]} Kg4 {[%clk 00:26:14]} {[%emt 00:00:31]} 57. Ng1 {[%clk 00:16:10]}
{[%emt 00:08:18]} Kf4 {[%clk 00:24:58]} {[%emt 00:01:44]} 58. Kd4 {[%clk
00:15:57]} {[%emt 00:00:44]} f5 {[%clk 00:22:31]} {[%emt 00:02:58]} 59. Kd3
{[%clk 00:14:24]} {[%emt 00:02:03]} e5 {[%clk 00:22:46]} {[%emt 00:00:15]} 60.
Ke2 {[%clk 00:09:19]} {[%emt 00:05:35]} Kg4 {[%clk 00:21:52]} {[%emt 00:01:23]}
61. Ke3 {[%clk 00:07:29]} {[%emt 00:02:21]} e4 {[%clk 00:18:48]} {[%emt
00:03:33]} 62. Ke2 {[%clk 00:04:30]} {[%emt 00:03:29]} f4 {[%clk 00:18:42]}
{[%emt 00:00:37]} 63. Kf2 {[%clk 00:04:53]} {[%emt 00:00:06]} Kh4 {[%clk
00:16:18]} {[%emt 00:02:55]} 64. Ne2 {[%clk 00:03:26]} {[%emt 00:01:56]} Kh3
{[%clk 00:16:12]} {[%emt 00:00:36]} 65. Kg1 {[%clk 00:03:49]} {[%emt 00:00:08]}
f3 {[%clk 00:16:10]} {[%emt 00:00:32]} 66. Nf4+ {[%clk 00:03:52]} {[%emt
00:00:26]} Kg4 {[%clk 00:16:34]} {[%emt 00:00:06]} 67. Nd5 {[%clk 00:04:15]}
{[%emt 00:00:07]} Kh3 {[%clk 00:16:40]} {[%emt 00:00:24]} 68. Ne3 {[%clk
00:04:32]} {[%emt 00:00:13]} Kh4 {[%clk 00:13:19]} {[%emt 00:03:51]} 69. Kf2
{[%clk 00:04:37]} {[%emt 00:00:25]} Kh3 {[%clk 00:13:32]} {[%emt 00:00:18]} 70.
Kg1 {[%clk 00:04:57]} {[%emt 00:00:09]} Kh4 {[%clk 00:13:56]} {[%emt 00:00:07]}
71. Kf2 {[%clk 00:05:14]} {[%emt 00:00:13]} Kh3 {[%clk 00:14:20]} {[%emt
00:00:05]} 72. Nf1 {[%clk 00:05:42]} {[%emt 00:00:03]} Kg4 {[%clk 00:11:17]}
{[%emt 00:03:33]} 73. Ke3 {[%clk 00:06:05]} {[%emt 00:00:07]} Kf5 {[%clk
00:10:20]} {[%emt 00:01:28]} 74. Ng3+ {[%clk 00:06:16]} {[%emt 00:00:18]} Kg4
{[%clk 00:10:45]} {[%emt 00:00:05]} 75. Kxe4 {[%clk 00:06:29]} {[%emt
00:00:17]} Kh3 {[%clk 00:10:47]} {[%emt 00:00:28]} 76. Nf1 {[%clk 00:06:55]}
{[%emt 00:00:04]} Kg2 {[%clk 00:09:17]} {[%emt 00:02:00]} 77. Ke3 {[%clk
00:07:20]} {[%emt 00:00:05]} Kh3 {[%clk 00:07:40]} {[%emt 00:02:07]} 78. Kxf3
{[%clk 00:07:44]} {[%emt 00:00:06]} 1-0

[Event "ODJM A 2025"]
[Site "Willingen GER"]
[Date "2025.06.11"]
[Round "5"]
[White "Meyer, Henry Paul"]
[Black "Zweigait, Leon"]
[Result "0-1"]
[Termination "normal"]
[Board "27"]
[WhiteElo "1841"]
[BlackElo "1913"]
[WhiteClock "00:08:49"]
[BlackClock "00:18:39"]
[PlyCount "138"]
[WhiteFideId "34645802"]
[BlackFideId "16201388"]
[EventCountry "GER"]
[EventRounds "9"]
[EventType "swiss"]
[EventDate "2025.06.07"]

1. Nf3 {[%clk 01:30:58]} {[%emt 00:00:01]} Nf6 {[%clk 01:30:51]} {[%emt
00:00:10]} 2. g3 {[%clk 01:31:20]} {[%emt 00:00:07]} b5 {[%clk 01:31:18]}
{[%emt 00:00:04]} 3. Bg2 {[%clk 01:31:44]} {[%emt 00:00:06]} Bb7 {[%clk
01:31:43]} {[%emt 00:00:05]} 4. O-O {[%clk 01:32:04]} {[%emt 00:00:09]} e6
{[%clk 01:32:11]} {[%emt 00:00:03]} 5. d3 {[%clk 01:32:23]} {[%emt 00:00:11]}
c5 {[%clk 01:32:21]} {[%emt 00:00:20]} 6. e4 {[%clk 01:32:45]} {[%emt
00:00:08]} d6 {[%clk 01:32:44]} {[%emt 00:00:06]} 7. d4 {[%clk 01:33:07]}
{[%emt 00:00:08]} Nxe4 {[%clk 01:25:28]} {[%emt 00:07:47]} 8. Ng5 {[%clk
01:32:26]} {[%emt 00:01:11]} d5 {[%clk 01:22:30]} {[%emt 00:03:27]} 9. Nxe4
{[%clk 01:32:09]} {[%emt 00:00:47]} dxe4 {[%clk 01:22:51]} {[%emt 00:00:10]}
10. dxc5 {[%clk 01:31:49]} {[%emt 00:00:49]} Qxd1 {[%clk 01:22:59]} {[%emt
00:00:22]} 11. Rxd1 {[%clk 01:32:15]} {[%emt 00:00:04]} b4 {[%clk 01:17:33]}
{[%emt 00:05:57]} 12. Nd2 {[%clk 01:18:09]} {[%emt 00:14:35]} f5 {[%clk
01:17:33]} {[%emt 00:00:30]} 13. Nb3 {[%clk 01:09:01]} {[%emt 00:09:39]} Nd7
{[%clk 01:16:06]} {[%emt 00:01:57]} 14. Be3 {[%clk 01:05:51]} {[%emt 00:03:40]}
Bd5 {[%clk 01:15:03]} {[%emt 00:01:33]} 15. Bf1 {[%clk 00:58:50]} {[%emt
00:07:30]} Be7 {[%clk 01:05:16]} {[%emt 00:10:18]} 16. Bb5 {[%clk 00:55:57]}
{[%emt 00:03:21]} a6 {[%clk 01:05:35]} {[%emt 00:00:13]} 17. Ba4 {[%clk
00:51:27]} {[%emt 00:05:00]} Bf6 {[%clk 01:04:28]} {[%emt 00:01:37]} 18. Nd4
{[%clk 00:47:37]} {[%emt 00:04:19]} g6 {[%clk 00:57:08]} {[%emt 00:07:51]} 19.
a3 {[%clk 00:40:57]} {[%emt 00:07:10]} a5 {[%clk 00:50:39]} {[%emt 00:06:59]}
20. axb4 {[%clk 00:29:22]} {[%emt 00:12:05]} axb4 {[%clk 00:51:03]} {[%emt
00:00:06]} 21. c3 {[%clk 00:18:58]} {[%emt 00:10:53]} bxc3 {[%clk 00:39:29]}
{[%emt 00:12:05]} 22. bxc3 {[%clk 00:15:01]} {[%emt 00:04:27]} Ke7 {[%clk
00:19:52]} {[%emt 00:20:07]} 23. Bxd7 {[%clk 00:12:42]} {[%emt 00:02:49]} Kxd7
{[%clk 00:19:57]} {[%emt 00:00:24]} 24. Nb5 {[%clk 00:11:31]} {[%emt 00:01:41]}
Rxa1 {[%clk 00:17:48]} {[%emt 00:02:39]} 25. Rxa1 {[%clk 00:11:54]} {[%emt
00:00:07]} Ra8 {[%clk 00:18:04]} {[%emt 00:00:14]} 26. Rd1 {[%clk 00:10:38]}
{[%emt 00:01:45]} Ra4 {[%clk 00:16:20]} {[%emt 00:02:15]} 27. Rb1 {[%clk
00:07:54]} {[%emt 00:03:13]} Bc6 {[%clk 00:15:40]} {[%emt 00:01:11]} 28. Rd1+
{[%clk 00:07:29]} {[%emt 00:00:55]} Ke7 {[%clk 00:15:28]} {[%emt 00:00:42]} 29.
Nd4 {[%clk 00:07:42]} {[%emt 00:00:17]} Bd5 {[%clk 00:15:35]} {[%emt 00:00:24]}
30. Rb1 {[%clk 00:06:36]} {[%emt 00:01:35]} Rc4 {[%clk 00:15:43]} {[%emt
00:00:22]} 31. Ra1 {[%clk 00:06:29]} {[%emt 00:00:37]} Rxc3 {[%clk 00:15:10]}
{[%emt 00:01:04]} 32. Ra7+ {[%clk 00:06:21]} {[%emt 00:00:37]} Kd8 {[%clk
00:14:04]} {[%emt 00:01:35]} 33. Rxh7 {[%clk 00:06:23]} {[%emt 00:00:29]} Bxd4
{[%clk 00:13:43]} {[%emt 00:00:50]} 34. Bxd4 {[%clk 00:06:44]} {[%emt
00:00:10]} Rc1+ {[%clk 00:14:07]} {[%emt 00:00:06]} 35. Kg2 {[%clk 00:07:07]}
{[%emt 00:00:06]} e3+ {[%clk 00:14:31]} {[%emt 00:00:06]} 36. f3 {[%clk
00:06:50]} {[%emt 00:00:47]} e2 {[%clk 00:14:24]} {[%emt 00:00:37]} 37. Bf2
{[%clk 00:06:30]} {[%emt 00:00:50]} Rf1 {[%clk 00:14:43]} {[%emt 00:00:11]} 38.
Rh8+ {[%clk 00:05:59]} {[%emt 00:01:01]} Kd7 {[%clk 00:15:01]} {[%emt
00:00:12]} 39. c6+ {[%clk 00:06:11]} {[%emt 00:00:18]} Kxc6 {[%clk 00:15:11]}
{[%emt 00:00:21]} 40. Rc8+ {[%clk 00:06:32]} {[%emt 00:00:08]} Kd7 {[%clk
00:15:35]} {[%emt 00:00:07]} 41. Rc3 {[%clk 00:06:11]} {[%emt 00:00:49]} g5
{[%clk 00:15:06]} {[%emt 00:01:00]} 42. Re3 {[%clk 00:06:15]} {[%emt 00:00:25]}
g4 {[%clk 00:10:28]} {[%emt 00:05:09]} 43. Rxe2 {[%clk 00:06:17]} {[%emt
00:00:28]} Rd1 {[%clk 00:10:22]} {[%emt 00:00:36]} 44. Re1 {[%clk 00:05:21]}
{[%emt 00:01:25]} Rd2 {[%clk 00:10:42]} {[%emt 00:00:11]} 45. Kg1 {[%clk
00:05:11]} {[%emt 00:00:39]} Bxf3 {[%clk 00:10:56]} {[%emt 00:00:17]} 46. Re3
{[%clk 00:04:22]} {[%emt 00:01:19]} Kd6 {[%clk 00:08:19]} {[%emt 00:03:07]} 47.
Re1 {[%clk 00:04:17]} {[%emt 00:00:35]} e5 {[%clk 00:08:26]} {[%emt 00:00:23]}
48. Ra1 {[%clk 00:03:29]} {[%emt 00:01:17]} Kd5 {[%clk 00:08:05]} {[%emt
00:00:51]} 49. Ra5+ {[%clk 00:03:25]} {[%emt 00:00:34]} Ke4 {[%clk 00:08:06]}
{[%emt 00:00:28]} 50. Ra4+ {[%clk 00:03:40]} {[%emt 00:00:15]} Kd3 {[%clk
00:08:17]} {[%emt 00:00:21]} 51. Ra3+ {[%clk 00:03:47]} {[%emt 00:00:23]} Kc4
{[%clk 00:06:19]} {[%emt 00:02:27]} 52. Re3 {[%clk 00:03:29]} {[%emt 00:00:46]}
Kd5 {[%clk 00:01:33]} {[%emt 00:05:19]} 53. Re1 {[%clk 00:03:00]} {[%emt
00:00:59]} Be2 {[%clk 00:26:03]} {[%emt 00:05:59]} 54. Ra1 {[%clk 00:31:10]}
{[%emt 00:02:21]} Ke4 {[%clk 00:26:02]} {[%emt 00:00:32]} 55. Kg2 {[%clk
00:28:21]} {[%emt 00:03:18]} Rc2 {[%clk 00:23:24]} {[%emt 00:03:08]} 56. Ra4+
{[%clk 00:24:13]} {[%emt 00:04:37]} Bc4 {[%clk 00:23:41]} {[%emt 00:00:13]} 57.
Ra3 {[%clk 00:23:24]} {[%emt 00:01:20]} f4 {[%clk 00:23:11]} {[%emt 00:01:01]}
58. gxf4 {[%clk 00:22:45]} {[%emt 00:01:09]} exf4 {[%clk 00:23:31]} {[%emt
00:00:09]} 59. Ra1 {[%clk 00:21:38]} {[%emt 00:01:37]} Kd3 {[%clk 00:19:53]}
{[%emt 00:04:07]} 60. Rd1+ {[%clk 00:20:28]} {[%emt 00:01:40]} Ke4 {[%clk
00:17:34]} {[%emt 00:02:49]} 61. Re1+ {[%clk 00:18:22]} {[%emt 00:02:36]} Kf5
{[%clk 00:17:36]} {[%emt 00:00:29]} 62. Rd1 {[%clk 00:17:47]} {[%emt 00:01:05]}
Be2 {[%clk 00:17:06]} {[%emt 00:01:00]} 63. Ra1 {[%clk 00:17:10]} {[%emt
00:01:07]} Bf3+ {[%clk 00:17:18]} {[%emt 00:00:18]} 64. Kg1 {[%clk 00:17:03]}
{[%emt 00:00:36]} g3 {[%clk 00:16:55]} {[%emt 00:00:53]} 65. hxg3 {[%clk
00:14:28]} {[%emt 00:03:06]} fxg3 {[%clk 00:17:18]} {[%emt 00:00:07]} 66. Ra5+
{[%clk 00:11:42]} {[%emt 00:03:15]} Kg4 {[%clk 00:17:32]} {[%emt 00:00:17]} 67.
Bxg3 {[%clk 00:08:42]} {[%emt 00:03:31]} Kxg3 {[%clk 00:17:51]} {[%emt
00:00:10]} 68. Ra1 {[%clk 00:08:26]} {[%emt 00:00:46]} Rg2+ {[%clk 00:18:14]}
{[%emt 00:00:07]} 69. Kf1 {[%clk 00:08:49]} {[%emt 00:00:06]} Be2+ {[%clk
00:18:39]} {[%emt 00:00:06]} 0-1

[Event "ODJM A 2025"]
[Site "Willingen GER"]
[Date "2025.06.11"]
[Round "5"]
[White "Groessing, Daniel-Yosuke"]
[Black "Theisen, Johannes"]
[Result "1/2-1/2"]
[Termination "normal"]
[Board "28"]
[WhiteElo "1974"]
[BlackElo "1831"]
[WhiteClock "00:45:06"]
[BlackClock "00:01:00"]
[PlyCount "81"]
[WhiteFideId "1682237"]
[BlackFideId "16255526"]
[EventCountry "GER"]
[EventRounds "9"]
[EventType "swiss"]
[EventDate "2025.06.07"]

1. d4 {[%clk 01:30:56]} {[%emt 00:00:04]} Nf6 {[%clk 01:30:54]} {[%emt
00:00:06]} 2. c4 {[%clk 01:31:18]} {[%emt 00:00:08]} e6 {[%clk 01:31:20]}
{[%emt 00:00:05]} 3. Nf3 {[%clk 01:31:38]} {[%emt 00:00:10]} d5 {[%clk
01:31:42]} {[%emt 00:00:07]} 4. Nc3 {[%clk 01:31:59]} {[%emt 00:00:09]} Be7
{[%clk 01:31:54]} {[%emt 00:00:18]} 5. Bf4 {[%clk 01:32:05]} {[%emt 00:00:24]}
O-O {[%clk 01:32:15]} {[%emt 00:00:09]} 6. e3 {[%clk 01:32:31]} {[%emt
00:00:04]} Nbd7 {[%clk 01:31:24]} {[%emt 00:01:22]} 7. c5 {[%clk 01:32:02]}
{[%emt 00:00:56]} Nh5 {[%clk 01:31:00]} {[%emt 00:00:57]} 8. Bd3 {[%clk
01:31:29]} {[%emt 00:01:02]} Nxf4 {[%clk 01:31:08]} {[%emt 00:00:22]} 9. exf4
{[%clk 01:31:50]} {[%emt 00:00:09]} b6 {[%clk 01:31:16]} {[%emt 00:00:22]} 10.
b4 {[%clk 01:31:27]} {[%emt 00:00:53]} a5 {[%clk 01:31:42]} {[%emt 00:00:04]}
11. a3 {[%clk 01:31:06]} {[%emt 00:00:52]} c6 {[%clk 01:32:07]} {[%emt
00:00:05]} 12. O-O {[%clk 01:28:58]} {[%emt 00:02:36]} Ba6 {[%clk 01:31:22]}
{[%emt 00:01:17]} 13. Ne5 {[%clk 01:26:06]} {[%emt 00:03:21]} Qc7 {[%clk
01:00:32]} {[%emt 00:31:21]} 14. Re1 {[%clk 01:19:48]} {[%emt 00:06:48]} Bxd3
{[%clk 00:38:19]} {[%emt 00:22:43]} 15. Qxd3 {[%clk 01:19:09]} {[%emt
00:01:07]} axb4 {[%clk 00:33:21]} {[%emt 00:05:29]} 16. axb4 {[%clk 01:16:18]}
{[%emt 00:03:22]} b5 {[%clk 00:29:09]} {[%emt 00:04:42]} 17. Qb1 {[%clk
01:06:32]} {[%emt 00:10:15]} Nxe5 {[%clk 00:28:52]} {[%emt 00:00:47]} 18. fxe5
{[%clk 01:03:02]} {[%emt 00:04:00]} Ra7 {[%clk 00:29:02]} {[%emt 00:00:21]} 19.
Re2 {[%clk 01:02:04]} {[%emt 00:01:27]} Rfa8 {[%clk 00:25:57]} {[%emt
00:03:35]} 20. Rxa7 {[%clk 01:01:11]} {[%emt 00:01:23]} Rxa7 {[%clk 00:26:07]}
{[%emt 00:00:20]} 21. Ra2 {[%clk 01:01:33]} {[%emt 00:00:08]} Bd8 {[%clk
00:24:05]} {[%emt 00:02:33]} 22. Qa1 {[%clk 01:00:58]} {[%emt 00:01:05]} Rxa2
{[%clk 00:24:25]} {[%emt 00:00:10]} 23. Qxa2 {[%clk 01:01:22]} {[%emt
00:00:06]} Qb7 {[%clk 00:23:53]} {[%emt 00:01:02]} 24. Kf1 {[%clk 00:54:40]}
{[%emt 00:07:12]} Bc7 {[%clk 00:20:32]} {[%emt 00:03:50]} 25. Ke2 {[%clk
00:52:59]} {[%emt 00:02:11]} Bb8 {[%clk 00:14:19]} {[%emt 00:06:43]} 26. Nb1
{[%clk 00:50:21]} {[%emt 00:03:08]} Qa7 {[%clk 00:03:31]} {[%emt 00:11:17]} 27.
Qxa7 {[%clk 00:50:43]} {[%emt 00:00:09]} Bxa7 {[%clk 00:03:58]} {[%emt
00:00:04]} 28. Nd2 {[%clk 00:51:09]} {[%emt 00:00:03]} Kf8 {[%clk 00:04:19]}
{[%emt 00:00:09]} 29. Nb3 {[%clk 00:51:35]} {[%emt 00:00:05]} Ke7 {[%clk
00:04:41]} {[%emt 00:00:07]} 30. Na5 {[%clk 00:52:00]} {[%emt 00:00:06]} Kd7
{[%clk 00:05:05]} {[%emt 00:00:04]} 31. Nb7 {[%clk 00:52:23]} {[%emt 00:00:07]}
Bb8 {[%clk 00:04:31]} {[%emt 00:01:04]} 32. Nd6 {[%clk 00:51:39]} {[%emt
00:01:15]} Ke7 {[%clk 00:04:53]} {[%emt 00:00:08]} 33. f4 {[%clk 00:50:05]}
{[%emt 00:02:04]} f6 {[%clk 00:02:33]} {[%emt 00:02:50]} 34. Kf3 {[%clk
00:49:52]} {[%emt 00:00:43]} fxe5 {[%clk 00:02:56]} {[%emt 00:00:07]} 35. fxe5
{[%clk 00:49:18]} {[%emt 00:01:04]} Bc7 {[%clk 00:02:34]} {[%emt 00:00:51]} 36.
Kg4 {[%clk 00:48:56]} {[%emt 00:00:53]} Bd8 {[%clk 00:01:52]} {[%emt 00:01:12]}
37. h4 {[%clk 00:47:28]} {[%emt 00:01:57]} Kf8 {[%clk 00:00:59]} {[%emt
00:01:24]} 38. h5 {[%clk 00:46:48]} {[%emt 00:01:10]} h6 {[%clk 00:00:47]}
{[%emt 00:00:41]} 39. Nb7 {[%clk 00:46:32]} {[%emt 00:00:47]} Ke8 {[%clk
00:00:46]} {[%emt 00:00:30]} 40. Nd6+ {[%clk 00:46:27]} {[%emt 00:00:36]} Kf8
{[%clk 00:01:00]} {[%emt 00:00:16]} 41. Nb7 {[%clk 00:45:06]} {[%emt 00:01:51]}
1/2-1/2